000 00512nam a22001817a 4500
003 OSt
005 20260119021356.0
008 260119b |||||||| |||| 00| 0 eng d
020 _a 0-517-06502-9
040 _aDWC-Main lib
_cOC
082 _aCirc. 641.5 B561 1986
245 _aBest recipes from time- life books/
260 _aN.Y :
_bWings books ,
_cc1986.
300 _a351 pages :
_b color illustrations ;
_c28cm.
504 _aIncludes index
650 _a1. Cookery
942 _2ddc
_cBK-CIRC
_kCirc.
_n0
999 _c7513
_d7513